00562pab a2200181 454500008004000000100001700040245008600057260000900143300001300152362001100165650002000176650001200196773003400208908000600242909001000248999001700258952010500275180718b2012 xxu||||| |||| 00| 0 eng d aDatar, Abhay aThe Lucknow pact of 1916: A second look at the Congress - Muslim League agreement c2012 ap.65-69. a10 Mar aIndia - History aHistory aEconomic and Political Weekly aN a95281 c95281d95281 00104070aIIPAbIIPAd2018-07-19hVolume no: 47, Issue no: 10pAR95741r2018-07-19w2018-07-19yAR